<?xml version="1.0" encoding="UTF-8"?>
<marc:record xmlns:marc="http://www.loc.gov/MARC21/slim">
   <marc:leader>00000nam a2200000 a 4500</marc:leader>
   <marc:datafield ind1=" " ind2=" " tag="653">
      <marc:subfield code="a">Spielen, Lernen</marc:subfield>
   </marc:datafield>
   <marc:datafield ind1=" " ind2=" " tag="653">
      <marc:subfield code="a">Kinderspiele</marc:subfield>
   </marc:datafield>
   <marc:datafield ind1=" " ind2=" " tag="653">
      <marc:subfield code="a">Kinderspiele ab 4 Jahre</marc:subfield>
   </marc:datafield>
   <marc:datafield ind1=" " ind2=" " tag="653">
      <marc:subfield code="a">gesellschaftsspiele ab 4 jahre</marc:subfield>
   </marc:datafield>
   <marc:datafield ind1=" " ind2=" " tag="653">
      <marc:subfield code="a">conni</marc:subfield>
   </marc:datafield>
   <marc:datafield ind1=" " ind2=" " tag="653">
      <marc:subfield code="a">Meine freundin conni</marc:subfield>
   </marc:datafield>
   <marc:datafield ind1=" " ind2=" " tag="653">
      <marc:subfield code="a">Puzzle</marc:subfield>
   </marc:datafield>
   <marc:datafield ind1="0" ind2="0" tag="245">
      <marc:subfield code="a">Meine Freundin Conni - Kunterbunter Knobelspaß</marc:subfield>
   </marc:datafield>
   <marc:datafield ind1="0" ind2="0" tag="245">
      <marc:subfield code="b">Für 1-4 Kinder ab 4</marc:subfield>
   </marc:datafield>
   <marc:datafield ind1=" " ind2="1" tag="264">
      <marc:subfield code="a">Stuttgart</marc:subfield>
      <marc:subfield code="b">Kosmos</marc:subfield>
      <marc:subfield code="c">2025</marc:subfield>
   </marc:datafield>
   <marc:datafield ind1="1" ind2=" " tag="520">
      <marc:subfield code="a">Spielspaß mit Conni und Kater Mau – wer löst die kniffligen Knobeleien auf den Karten am schnellsten? &#xD;
Fördert Konzentration und Motorik und regt zum ersten räumlichen und logischen Denken an.&#xD;
Fünf verschiedene Rätselarten ermöglichen verschiedene Schwierigkeitsgrade. &#xD;
Liebevoll gestaltete, beidseitig bedruckte Puzzleteilen.&#xD;
Für Fans von „Meine Freundin Conni“: perfekt als Geschenk oder Mitbringsel zum Kindergeburtstag.&#xD;
Ein fröhliches Knobelspiel für 1 bis 4 Kinder ab 4 Jahren mit kurzer Spieldauer und einfachen Regeln. &#xD;
&#xD;
Hmm…mal überlegen…wie können die Puzzleteile geschickt und schnell zusammengelegt werden? Spielerisch räumliches und logisches Denken fördern beim Spielen mit Conni und Kater Mau. Ein bis vier Kinder ab vier Jahren erhalten jeweils das gleiche Set aus sechs beidseitig bedruckten Puzzleteilen. Die Aufgabenkarten verraten, wie die Teile zusammengelegt werden. Wer knobelt am schnellsten und sammelt die meisten Punkte? Um die Schwierigkeit anzupassen, können die Aufgaben zudem unterschiedlich kombiniert werden. Liebevoll gestaltete Puzzleteile mit Motiven aus der beliebten Kinderbuchreihe „Meine Freundin Conni“ runden das tolle Spielerlebnis ab. Ein schönes Geschenk mit Lernfaktor für die Kleinsten.</marc:subfield>
   </marc:datafield>
   <marc:datafield ind1="3" ind2=" " tag="024">
      <marc:subfield code="a">4002051685270</marc:subfield>
   </marc:datafield>
   <marc:datafield ind1=" " ind2=" " tag="041">
      <marc:subfield code="a">ger</marc:subfield>
   </marc:datafield>
   <marc:datafield ind1=" " ind2=" " tag="338">
      <marc:subfield code="a">Gegenstand</marc:subfield>
   </marc:datafield>
</marc:record>
